MARC

LEADER 00000nam0a2200000 4500
001 364978
005 20231102011736.0
035 |a (RuTPU)RU\TPU\retro\22341 
090 |a 364978 
100 |a 20211206d1980 k y0rusy50 ca 
101 0 |a rus 
102 |a RU 
105 |a a z 001zy 
200 1 |a Совершенствование технологии производства и монтажа железобетонных конструкций  |e сборник научных трудов  |f под ред. Ф. С. Белавина 
210 |a Москва  |c Изд-во НИИМОСТРОЙ  |d 1980 
215 |a 178 с.  |c ил. 
320 |a Библиогр. в конце ст. 
606 1 |a Железобетонные конструкции  |x Монтаж  |x Приспособления  |2 stltpush  |3 (RuTPU)RU\TPU\subj\10651  |9 37691 
606 1 |a Железобетонные конструкции  |x Производство  |2 stltpush  |3 (RuTPU)RU\TPU\subj\35601 
610 1 |a тяжелые бетоны 
610 1 |a свойства 
610 1 |a несущая способность 
610 1 |a железобетонные перекрытия 
610 1 |a стыки 
610 1 |a противоморозные добавки 
610 1 |a арматура 
610 1 |a защита от коррозии 
610 1 |a производственный травматизм 
610 1 |a долговечность 
610 1 |a сборные железобетонные конструкции 
675 |a 69.057.1  |v 4 
675 |a 666.982  |v 4 
702 1 |a Белавин  |b Ф. С.  |4 340 
801 1 |a RU  |b 63413507  |c 20211206 
801 2 |a RU  |b 63413507  |c 20211206  |g RCR 
942 |c BK